000 00752nam a2200241Ia 4500
003 OSt
005 20220918185456.0
006 a|||||r|||| 00| 0
007 ta
008 220917b |||||||| |||| 00| 0 eng d
024 _a51,164
037 _cTextual
040 _aARTS
_cARTS
_beng
041 _2eng
_aeng
082 _aP:(S:12:4), M0
100 _aRieber R W
_969110
245 0 _aLanguage development and aphasia in children
_b bew essays and a translation of kindersprache und Aphasie by Emil frosches
260 _aN.Y
_bAcademic Press
_c1980
490 _aPersepective in neurolinguistics and psychologuistics
650 _aLINGUISTICS
942 _hP:(S:12:4), M0
_cTEXL
_2CC
999 _c180758
_d180758